000 00497nam a2200181Ia 4500
001 23177
005 20260414150920.0
008 260414t2004||||xx |||||||||||||| ||spa||
041 _aESP
082 _a625.72
_bA53
110 _aAmerican Association of State Highway and Transportation Officials
245 2 _aA policy on geometric design of highway and streets
_b
260 _c2004
300 _axliv, 896 páginas :
_c28 cm.
650 _a0
654 _aCIC
942 _cLIB
_dJUS
_fJUS
_2ddc
_n
999 _c23177
_d23177